| 000 | 00922cam a2200265 4500 | ||
|---|---|---|---|
| 008 | 090401t1995 xxu||||| |||| 00| 0 eng d | ||
| 020 | _a0854599614 | ||
| 035 | _a(Sirsi) u6044 | ||
| 041 | _aeng | ||
| 050 | _a657.83 | ||
| 100 | _aGinnings, Paul | ||
| 245 | _aTolley`s client and adviser guide to housing associations. | ||
| 260 |
_aCroydon _bTolley Publishing Company _c1995 |
||
| 300 | _axv,258p. ; 23cm. | ||
| 350 | _a34.95 | ||
| 520 | _aAimed at housing associations and their advisers, the guide examines all aspects of advising housing association clients, including accounts, audit, tax and related legal matters. | ||
| 650 | _aMANAGEMENT-BUSINESS MANAGEMENT-FINANCIAL MANAGEMENT-ACCOUNTING | ||
| 650 | _aAUDITING | ||
| 650 | _aHOUSING ASSOCIATIONS | ||
| 650 | _aTAXATION | ||
| 650 | _aVALUE ADDED TAX | ||
| 690 | _aPROPERTY-PROPERTY FINANCE AND INVESTMENT | ||
| 942 | _n0 | ||
| 948 | _c04/03/1997 | ||
| 999 |
_c86242 _d86242 |
||